000
00292nam a22001337a 4500
003
SGT
020
_a
9788172765040
082
_a
301
_b
E14N
100
_a
NARAYANAN, V.N.
245
_a
ENCOUNTERS: REAL AND SURREAL
260
_b
BHARTIYA VIDYA BHAWAN
_c
2014
300
_a
401
942
_2
ddc
_c
BK
999
_c
28721
_d
28721